Naadi Predictions: (Record no. 192146)

MARC details
000 -LEADER
fixed length control field 00619nam a22001817a 4500
005 - DATE AND TIME OF LATEST TRANSACTION
control field 20220922121414.0
010 ## - LCCN (DPL NO)
LC control number B-745507
020 ## - INTERNATIONAL STANDARD BOOK NUMBER
International Standard Book Number 8171829481
Terms of availability 400.00
035 ## - SYSTEM CONTROL NUMBER
System control number B-745507
037 ## - SOURCE OF ACQUISITION
Source of stock number/acquisition Fusion Books
100 ## - MAIN ENTRY--PERSONAL NAME
Personal name Oak, Shashikant
245 ## - TITLE STATEMENT
Title Naadi Predictions:
Remainder of title A Mind Boggling Miracle/
Statement of responsibility, etc Shashikant Oak
260 ## - PUBLICATION, DISTRIBUTION, ETC. (IMPRINT)
Place of publication, distribution, etc New Delhi
Name of publisher, distributor, etc Fusion Books
Date of publication, distribution, etc 2021
270 ## - ADDRESS
Address X-30,Okhla Industrial Area,Phase-II
City New Delhi
Postal code 110020
Telephone number 40712200
Electronic mail address sales@dpb.in
300 ## - PHYSICAL DESCRIPTION
Extent 330p.
Dimensions 21cm(pbk)
942 ## - ADDED ENTRY ELEMENTS (KOHA)
Source of classification or shelving scheme Dewey Decimal Classification
Item type English Books
Call number suffix Oak
Classification part 181.4
Holdings
Withdrawn status Lost status Not for loan Collection code Home library Current library Date acquired Source of acquisition Cost, normal purchase price Full call number Barcode Copy number Cost, replacement price Koha item type Public note
      Non-fiction Central Library Central Library 12/09/2022 05.09.22/ Gift 400.00 181.4 OAK B-745507 1 400.00 English Books Gift

© Delhi Public Library
Hit Counter
free hit counter